Consideraciones cristianas para todos los días del año, con los evangelios de los domingos.

Detalles Bibliográficos
Autor principal: CRASSET, Juan
Formato: Libro
Publicado: Valencia 1866
Edición:3a ed.
Materias:
Colección:Banco de datos
Acervo:Biblioteca Nacional de Antropología e Historia. Fondo Conventual
Descripción Física:t. IV
Tema general:Homilética
Notas:Buena. IV,5,28. Impreso por J. Rius. Contenidos desde el Domingo décimocuarto después de Pentecostés, hasta el primero de Adviento.
LEADER 00859nam a22002170004500
035 |a 10232 
036 |a 4837 
100 1 |a CRASSET, Juan 
245 1 0 |a Consideraciones cristianas para todos los días del año, con los evangelios de los domingos. 
250 |a 3a ed. 
260 |a Valencia  |b Librería de la viuda de D. José Badal  |c 1866 
300 |a t. IV 
500 |a Buena. IV,5,28. Impreso por J. Rius. Contenidos desde el Domingo décimocuarto después de Pentecostés, hasta el primero de Adviento. 
650 1 0 |a Homilética 
949 |a B.N.A.H. 
959 |a Biblioteca Nacional de Antropología e Historia. Ciudad de México  |b CCC1 
960 |a Seminario de Morelia  |b DD56 
961 |a Casa de formación del Clero Secular  |b CS 
942 |c B.N.A.H. 
943 |g Biblioteca Nacional de Antropología e Historia. Fondo Conventual 
999 |c 1034764  |d 1034764